Herejías y sectas en la iglesia antigua: el octavo libro de las etimologías de Isidoro de Sevilla y sus fuentes

Guardat en:
Dades bibliogràfiques
Autor principal: Valastro Canale, Angelo (Autor)
Format: Llibre
Idioma:espanyol
italià
Publicat: Madrid Universidad Pontificia Comillas de Madrid 2000
Col·lecció:Estudios, 78
Matèries:
Etiquetes: Afegir etiqueta
Sense etiquetes, Sigues el primer a etiquetar aquest registre!

MARC

LEADER 00000nam a2200000 a 4500
001 UCK9946
003 CL-VaPUC
008 060609e20000000SP |||||||||||||||||spa|d
020 |a 8489708711 
041 0 7 |a spa  |2 CL-VaPUC 
041 0 7 |a ita  |2 CL-VaPUC 
082 0 4 |a 262.8  |b VAL  |2 21 
100 0 |a Valastro Canale, Angelo  |e author  |9 499876 
245 1 0 |a Herejías y sectas en la iglesia antigua: el octavo libro de las etimologías de Isidoro de Sevilla y sus fuentes 
300 |a 277 p 
942 |c BK 
945 |d 20060609 00:00:00  |a jtorresc 
260 |a Madrid  |b Universidad Pontificia Comillas de Madrid  |c 2000 
650 0 |a Etimología  |9 337976 
650 0 |a Herejías   |9 356979 
650 7 |a IGLESIA CATOLICA ANTIGUA  |2 CL-VaPUC  |9 476481 
650 0 |a Sectas  |9 320072 
583 |a last modification  |c 20060609 00:00:00  |k Rodrigo Vera 
490 0 |a Estudios, 78 
999 |c 316944  |d 316942 
952 |0 0  |1 0  |4 0  |6 262_800000000000000_VAL_2000  |7 0  |8 A  |9 392570  |a BIBTEO  |b BIBTEO  |d 2019-11-22  |i 4239490  |o 262.8 VAL 2000  |p 4239490  |r 2025-01-17  |w 2019-11-22  |y BK  |k ICR